003750000a2200085000450024501150000004100130011570000360012810000190016477301060018310aNew frogs of the genus Eleutherodactylus from the eastern flank of the northern Cordillera Central of Colombia0 aInglés1 aRueda Almonacid, José Vicente1 aLynch, John D.1 tRevista de la Academia Colombiana de Ciencias Exactas, Fisicas y Naturales332h85q561-570d1998g22